[Event "Gatineau op"]
[Site "Gatineau CAN"]
[Date "2016.03.06"]
[Round "5"]
[White "Davies, Alex"]
[Black "Doubleday, William"]
[Result "1-0"]
[WhiteElo "2259"]
[BlackElo "2114"]
[PlyCount "85"]
[EventDate "2016.03.04"]
[EventType "swiss"]
[EventRounds "5"]
[EventCountry "CAN"]

1. e4 c5 2. Nc3 Nc6 3. g3 g6 4. Bg2 Bg7 5. d3 d6 6. Be3 e6 7. Qd2 Nd4 8. O-O-O
Qa5 9. Kb1 h5 10. Nce2 Qxd2 11. Rxd2 Ne7 12. c3 Nxe2 13. Nxe2 Nc6 14. d4 cxd4
15. Nxd4 Nxd4 16. Bxd4 Bxd4 17. Rxd4 Ke7 18. Rhd1 h4 19. h3 hxg3 20. fxg3 e5
21. Rxd6 Bxh3 22. Bxh3 Rxh3 23. Rd7+ Kf8 24. Rf1 Rxg3 25. Rfxf7+ Kg8 26. Rg7+
Kh8 27. Rh7+ Kg8 28. Rdg7+ Kf8 29. Rxb7 Kg8 30. Rhe7 g5 31. Rxe5 g4 32. Rg5+
Kh8 33. Rbg7 Rg1+ 34. Kc2 Rg2+ 35. Kb3 Rb8+ 36. Kc4 Rbxb2 37. Rxa7 g3 38. Rag7
Rxa2 39. Rg8+ Kh7 40. R5g7+ Kh6 41. Rxg3 Ra4+ 42. Kd3 Rxg3+ 43. Rxg3 1-0

[Event "Gatineau op"]
[Site "Gatineau CAN"]
[Date "2016.03.06"]
[Round "5"]
[White "Demchenko, Svitlana"]
[Black "Huang, Qiuyu"]
[Result "0-1"]
[WhiteElo "1660"]
[BlackElo "1925"]
[PlyCount "178"]
[EventDate "2016.03.04"]
[EventType "swiss"]
[EventRounds "5"]
[EventCountry "CAN"]

1. d4 d5 2. Nf3 Bf5 3. Bf4 e6 4. e3 Nf6 5. Nbd2 Nbd7 6. Be2 Bd6 7. Bg3 O-O 8.
c3 Re8 9. O-O Bxg3 10. hxg3 e5 11. dxe5 Nxe5 12. Nxe5 Rxe5 13. Nf3 Re8 14. Qb3
Qd6 15. c4 c6 16. cxd5 Nxd5 17. Bc4 Re7 18. Bxd5 Qxd5 19. Qxd5 cxd5 20. Rfd1
Be6 21. Rac1 Rb8 22. Nd4 a6 23. a3 Kf8 24. Rd2 Ke8 25. b4 Rc8 26. Rdc2 Rxc2 27.
Rxc2 Kd8 28. Kf1 Rc7 29. Rxc7 Kxc7 30. Ke2 Kb6 31. Kd3 Bd7 32. Kc3 g6 33. Kb3
Bb5 34. g4 h6 35. Nf3 f6 36. Nh4 Bd3 37. Kc3 Be4 38. a4 a5 39. bxa5+ Kxa5 40.
Kb3 Bd3 41. Kc3 g5 42. Nf3 Be2 43. Kb3 Bd1+ 44. Ka3 Bxa4 45. Nd4 Bd7 46. f3 Bc8
47. Kb3 Bd7 48. Ka3 b5 49. Nc2 Be6 50. Nb4 Bf7 51. Nc2 Be6 52. Nb4 Kb6 53. Kb2
Kc5 54. Kc3 Bf7 55. Nc2 Be6 56. Nb4 Kb6 57. Kb2 Bf7 58. Nc2 Bg6 59. Nb4 Kc5 60.
Kc3 Bb1 61. Na6+ Kd6 62. Kd4 Ba2 63. Nb4 Bc4 64. g3 Be2 65. f4 gxf4 66. exf4
Bf3 67. Na2 Bxg4 68. Nc3 b4 69. Nxd5 b3 70. Ne3 Be6 71. Kc3 f5 72. Kb2 Kc5 73.
Kc3 b2 74. Kxb2 Kd4 75. Nc2+ Kd3 76. Nb4+ Ke3 77. Kc3 Kf2 78. Kd4 Kxg3 79. Ke5
Bd7 80. Nc2 h5 81. Nd4 h4 82. Ne2+ Kf2 83. Nd4 h3 84. Nxf5 Bxf5 85. Kxf5 h2 86.
Ke6 h1=Q 87. f5 Qh8 88. Kf7 Qh7+ 89. Ke6 Qg7 0-1

[Event "Gatineau op"]
[Site "Gatineau CAN"]
[Date "2016.03.06"]
[Round "5"]
[White "Desjardins, Michel"]
[Black "Yang, Fan"]
[Result "0-1"]
[WhiteElo "1910"]
[BlackElo "2018"]
[PlyCount "104"]
[EventDate "2016.03.04"]
[EventType "swiss"]
[EventRounds "5"]
[EventCountry "CAN"]

1. e4 e5 2. Nc3 Nf6 3. Bc4 Bc5 4. d3 d6 5. f4 Nc6 6. Nf3 O-O 7. Na4 Bb6 8. Nxb6
axb6 9. c3 h6 10. O-O exf4 11. Bxf4 Na5 12. Bb5 c6 13. Ba4 b5 14. Bc2 c5 15.
Qd2 Be6 16. b3 Qb6 17. Kh1 Rfd8 18. d4 cxd4 19. Nxd4 Ng4 20. Qe2 Bd7 21. h3 Ne5
22. Qf2 Rf8 23. Qg3 Kh8 24. Bxe5 dxe5 25. Qxe5 Rac8 26. Nf5 f6 27. Qg3 Bxf5 28.
Rxf5 b4 29. c4 Nc6 30. Rd5 Ne5 31. Rad1 Rf7 32. Bb1 Rfc7 33. Rb5 Qa6 34. Rxb4
Qa3 35. Rb5 Qb2 36. Rbd5 Rc6 37. Qe1 b6 38. R5d2 Qa3 39. Qf1 Kg8 40. Kh2 Kh8
41. Qf5 Qe7 42. Rd5 Kg8 43. h4 Qc7 44. Kh1 Qe7 45. h5 Qc7 46. a4 Qe7 47. Ba2
Qa3 48. R5d2 Qb4 49. Qf2 Kf8 50. Rd5 Kg8 51. Rb5 Qa3 52. Rd2 Qc1+ 0-1

[Event "Gatineau op"]
[Site "Gatineau CAN"]
[Date "2016.03.06"]
[Round "5"]
[White "Forouzandeh, Ehsan"]
[Black "Mahdjoubi, Abdelaziz"]
[Result "0-1"]
[WhiteElo "1625"]
[BlackElo "1810"]
[PlyCount "70"]
[EventDate "2016.03.04"]
[EventType "swiss"]
[EventRounds "5"]
[EventCountry "CAN"]

1. e4 e6 2. d4 d5 3. exd5 exd5 4. Bd3 Bd6 5. Nf3 Nf6 6. O-O O-O 7. h3 h6 8. Re1
Be6 9. Be3 Qc8 10. Nbd2 Nbd7 11. c3 Re8 12. Qc2 b6 13. b4 c5 14. bxc5 bxc5 15.
dxc5 Nxc5 16. Bxc5 Bxc5 17. Nb3 Bb6 18. Nbd4 a6 19. Nxe6 fxe6 20. Bg6 Re7 21.
Rab1 Ba7 22. Qd3 Qc7 23. Ne5 Rf8 24. Re2 Bxf2+ 25. Kh1 Ba7 26. Rb3 a5 27. a4
Kh8 28. Rb1 Bb8 29. Rf1 Rc8 30. Rxf6 gxf6 31. Ng4 Qf4 32. Rf2 Qc1+ 33. Rf1 Qxc3
34. Qxc3 Rxc3 35. Nxh6 Kg7 0-1

[Event "Gatineau op"]
[Site "Gatineau CAN"]
[Date "2016.03.06"]
[Round "5"]
[White "Johnson, Nicholas"]
[Black "Gordon, David"]
[Result "0-1"]
[WhiteElo "1800"]
[BlackElo "2310"]
[PlyCount "94"]
[EventDate "2016.03.04"]
[EventType "swiss"]
[EventRounds "5"]
[EventCountry "CAN"]

1. c4 e6 2. g3 d5 3. Nf3 Nf6 4. Bg2 Be7 5. O-O O-O 6. b3 c5 7. Bb2 Nc6 8. e3 b6
9. Nc3 Bb7 10. Qe2 d4 11. exd4 Nxd4 12. Nxd4 Bxg2 13. Kxg2 Qxd4 14. Na4 Qd7 15.
Rad1 Rfd8 16. d4 cxd4 17. Rxd4 Qc6+ 18. f3 Rxd4 19. Bxd4 Rd8 20. Rd1 Rd7 21.
Rd2 Kf8 22. Nc3 Ke8 23. Be5 h6 24. Rxd7 Kxd7 25. Qd3+ Ke8 26. Kf2 Qc5+ 27. Bd4
Qxd4+ 28. Qxd4 Bc5 29. Qxc5 bxc5 30. Ke3 Kd7 31. Ne4 Nxe4 32. Kxe4 Kd6 33. g4
g6 34. h4 f5+ 35. gxf5 exf5+ 36. Kf4 Ke6 37. a3 a5 38. Ke3 g5 39. hxg5 hxg5 40.
Kd3 Ke5 41. Ke3 f4+ 42. Kd3 Kf5 43. Ke2 g4 44. fxg4+ Kxg4 45. Kf2 f3 46. a4 Kf4
47. b4 cxb4 0-1

[Event "Gatineau op"]
[Site "Gatineau CAN"]
[Date "2016.03.06"]
[Round "5"]
[White "Kuryliw, Ray"]
[Black "Libersan, Mattieu"]
[Result "1/2-1/2"]
[WhiteElo "1951"]
[BlackElo "2006"]
[PlyCount "84"]
[EventDate "2016.03.04"]
[EventType "swiss"]
[EventRounds "5"]
[EventCountry "CAN"]

1. f4 e5 2. fxe5 d6 3. exd6 Bxd6 4. Nf3 g5 5. g3 g4 6. Nh4 Ne7 7. d4 Ng6 8.
Nxg6 hxg6 9. Qd3 Bf5 10. e4 Qe7 11. Bg2 Nc6 12. c3 O-O-O 13. Bf4 Bxf4 14. gxf4
Rh3 15. Bxh3 Bxe4 16. Qe3 gxh3 17. O-O Rh8 18. Nd2 Bg2 19. Qxe7 Nxe7 20. Rfe1
Nf5 21. Nc4 Rh4 22. Ne3 Nxe3 23. Rxe3 Rxf4 24. Rae1 b6 25. b3 a5 26. a3 Kb7 27.
Rc1 g5 28. Rg3 g4 29. Re3 f5 30. Rce1 Be4 31. Rf1 Rxf1+ 32. Kxf1 Bg2+ 33. Kg1
Kc6 34. Re5 Be4 35. Kf2 Kd6 36. Kg3 Bc2 37. b4 axb4 38. axb4 Bd3 39. Kf4 b5 40.
Ke3 Be4 41. Kf4 c6 42. Kg3 Bd3 1/2-1/2

[Event "Gatineau op"]
[Site "Gatineau CAN"]
[Date "2016.03.06"]
[Round "5"]
[White "Ritchie, Gordon"]
[Black "Palsson, Halldor"]
[Result "1/2-1/2"]
[WhiteElo "1798"]
[BlackElo "1992"]
[PlyCount "58"]
[EventDate "2016.03.04"]
[EventType "swiss"]
[EventRounds "5"]
[EventCountry "CAN"]

1. e4 e6 2. d4 d5 3. Nd2 Nf6 4. e5 Nfd7 5. Bd3 c5 6. c3 Nc6 7. Ngf3 Qb6 8. O-O
cxd4 9. cxd4 Nxd4 10. Nxd4 Qxd4 11. Nf3 Qb6 12. Qa4 a6 13. Qg4 g6 14. b3 Bg7
15. Be3 Qa5 16. Bd2 Qb6 17. Be3 Qa5 18. Bd4 O-O 19. h4 f5 20. Qg3 Nc5 21. Bxc5
Qxc5 22. h5 gxh5 23. Qg5 Qb4 24. Rac1 Qg4 25. Qe7 Rf7 26. Qe8+ Rf8 27. Qe7 Rf7
28. Qe8+ Rf8 29. Qe7 Rf7 1/2-1/2

[Event "Gatineau op"]
[Site "Gatineau CAN"]
[Date "2016.03.06"]
[Round "5"]
[White "Simic, Dusan"]
[Black "Donev, Danail"]
[Result "1-0"]
[WhiteElo "2193"]
[BlackElo "1990"]
[PlyCount "53"]
[EventDate "2016.03.04"]
[EventType "swiss"]
[EventRounds "5"]
[EventCountry "CAN"]

1. d4 Nf6 2. c4 g6 3. Nc3 Bg7 4. e4 d6 5. f3 O-O 6. Be3 e5 7. d5 c6 8. Qd2 cxd5
9. cxd5 a6 10. Bd3 b5 11. Nge2 Nbd7 12. g4 Nb6 13. b3 Bd7 14. Ng3 b4 15. Nd1
Nfxd5 16. exd5 e4 17. Bxe4 Bxa1 18. Nb2 f5 19. gxf5 gxf5 20. Rg1 Kf7 21. Ke2
Bxb2 22. Qxb2 fxe4 23. Nxe4 Bb5+ 24. Kd2 Nxd5 25. Qg7+ Ke8 26. Bg5 Qb6 27. Re1
1-0

[Event "Hart House Holidays op"]
[Site "Toronto CAN"]
[Date "2016.12.16"]
[Round "1"]
[White "Findlay, Ian"]
[Black "Moffat, Andrei"]
[Result "1/2-1/2"]
[WhiteElo "2304"]
[BlackElo "2125"]
[PlyCount "50"]
[EventDate "2016.12.16"]
[EventType "swiss"]
[EventRounds "5"]
[EventCountry "CAN"]

1. e4 c5 2. Nf3 Nc6 3. d4 cxd4 4. Nxd4 Qb6 5. Nb3 Nf6 6. Nc3 e6 7. Be3 Qc7 8.
f4 d6 9. Be2 a6 10. a4 b6 11. O-O Be7 12. Bf3 Bb7 13. Qe1 O-O 14. g4 Nd7 15. g5
Rfe8 16. Bg2 Nb4 17. Qf2 Bf8 18. Rad1 Rad8 19. Rd2 Nc5 20. Rfd1 Bc6 21. Nd4 Bd7
22. Nde2 Ra8 23. Ra1 Bc6 24. Nd4 Bd7 25. Nde2 Bc6 1/2-1/2

[Event "Hart House Holidays op"]
[Site "Toronto CAN"]
[Date "2016.12.16"]
[Round "1"]
[White "Peng, David"]
[Black "Yu, Wenlu"]
[Result "1-0"]
[WhiteElo "2318"]
[BlackElo "2150"]
[PlyCount "67"]
[EventDate "2016.12.16"]
[EventType "swiss"]
[EventRounds "5"]
[EventCountry "CAN"]

1. e4 c5 2. Nf3 e6 3. d4 cxd4 4. Nxd4 Nc6 5. Nc3 Nf6 6. Nxc6 dxc6 7. Qxd8+ Kxd8
8. Bg5 Bd6 9. O-O-O Ke7 10. f4 e5 11. f5 Bb4 12. Bc4 b5 13. Bxb5 Bb7 14. Bc4
Bxc3 15. bxc3 Rhd8 16. Rd3 c5 17. Re1 a5 18. Bh4 Bc6 19. g4 Kf8 20. Rxd8+ Rxd8
21. g5 Nxe4 22. g6 Rd6 23. Bxf7 h6 24. Re3 a4 25. c4 Rd4 26. Be1 Ng5 27. Bd5
Bxd5 28. cxd5 e4 29. h4 Nf3 30. Bc3 Rc4 31. d6 Nxh4 32. f6 Nf5 33. d7 Nxe3 34.
d8=Q# 1-0

[Event "Hart House Holidays op"]
[Site "Toronto CAN"]
[Date "2016.12.16"]
[Round "1"]
[White "Xu, Haizhou"]
[Black "Morrison, Robert"]
[Result "1-0"]
[WhiteElo "2307"]
[BlackElo "2331"]
[PlyCount "69"]
[EventDate "2016.12.16"]
[EventType "swiss"]
[EventRounds "5"]
[EventCountry "CAN"]

1. e4 d5 2. exd5 Qxd5 3. Nc3 Qd6 4. d4 Nf6 5. Bc4 Bf5 6. Nf3 c6 7. O-O Nbd7 8.
Qe2 e6 9. Rd1 Be7 10. Ne5 Nb6 11. Bb3 O-O 12. Bf4 Nfd5 13. Bg3 Nxc3 14. bxc3
Qa3 15. c4 c5 16. d5 Bf6 17. d6 Rfd8 18. Bf4 Qa6 19. g4 Bg6 20. g5 Bxe5 21.
Bxe5 Rd7 22. Bb2 Kh8 23. h4 Na4 24. Be5 Bf5 25. h5 Kg8 26. h6 f6 27. gxf6 g6
28. f7+ Rxf7 29. Rab1 Rd8 30. Ba1 Kf8 31. Qe5 Ke8 32. d7+ Rdxd7 33. Qb8+ Ke7
34. Rxd7+ Kxd7 35. Rd1+ 1-0

[Event "Hart House Holidays op"]
[Site "Toronto CAN"]
[Date "2016.12.17"]
[Round "2"]
[White "Chen, Richard"]
[Black "Findlay, Ian"]
[Result "1-0"]
[WhiteElo "2287"]
[BlackElo "2304"]
[PlyCount "43"]
[EventDate "2016.12.16"]
[EventType "swiss"]
[EventRounds "5"]
[EventCountry "CAN"]

1. e4 c5 2. Nf3 d6 3. Bb5+ Bd7 4. Bxd7+ Qxd7 5. c4 Nc6 6. Nc3 Nf6 7. d4 cxd4 8.
Nxd4 e6 9. O-O Be7 10. Be3 O-O 11. Qe2 d5 12. exd5 exd5 13. Rfd1 dxc4 14. Qxc4
Rac8 15. Nf3 Qg4 16. Qb5 Qb4 17. Rac1 a6 18. Qb6 Ng4 19. Nd5 Qe4 20. Qxb7 Nxe3
21. fxe3 Rb8 22. Qxa6 1-0

[Event "Hart House Holidays op"]
[Site "Toronto CAN"]
[Date "2016.12.17"]
[Round "2"]
[White "Moffat, Andrei"]
[Black "Dougherty, Michael"]
[Result "0-1"]
[WhiteElo "2125"]
[BlackElo "2269"]
[PlyCount "54"]
[EventDate "2016.12.16"]
[EventType "swiss"]
[EventRounds "5"]
[EventCountry "CAN"]

1. f4 Nf6 2. Nf3 g6 3. e3 Bg7 4. Be2 O-O 5. O-O c5 6. a4 Nc6 7. d3 d5 8. Qe1
Bg4 9. Nbd2 Qc7 10. Qh4 e5 11. fxe5 Nxe5 12. e4 dxe4 13. Nxe4 Nxe4 14. dxe4
Rae8 15. Ng5 h5 16. Bb5 Bd7 17. Bf4 c4 18. Kh1 Bxb5 19. axb5 Qc5 20. Rad1 Qxb5
21. Qg3 Qxb2 22. Rb1 Qxc2 23. Rxb7 Qd3 24. Qxd3 cxd3 25. Rxa7 Nc4 26. Rc1 f6
27. Nf3 Rxe4 0-1

[Event "Hart House Holidays op"]
[Site "Toronto CAN"]
[Date "2016.12.17"]
[Round "2"]
[White "Plotkin, Victor"]
[Black "Calvelo, Jelvis"]
[Result "1-0"]
[WhiteElo "2405"]
[BlackElo "2206"]
[PlyCount "45"]
[EventDate "2016.12.16"]
[EventType "swiss"]
[EventRounds "5"]
[EventCountry "CAN"]

1. e4 e6 2. d4 d5 3. exd5 exd5 4. Nf3 Nf6 5. Bd3 Bg4 6. O-O Be7 7. c3 O-O 8.
Nbd2 c6 9. Re1 Bd6 10. Nf1 Re8 11. Bg5 Rxe1 12. Qxe1 Nbd7 13. Ne5 Bh5 14. f4 h6
15. Bh4 Nf8 16. Ne3 Bg6 17. f5 Bh7 18. N3g4 Be7 19. Nxh6+ gxh6 20. Qg3+ Ng6 21.
fxg6 fxg6 22. Bxg6 Ng4 23. Qxg4 1-0

[Event "Hart House Holidays op"]
[Site "Toronto CAN"]
[Date "2016.12.17"]
[Round "3"]
[White "Bluvshtein, Ilia"]
[Black "Cai, Jason"]
[Result "0-1"]
[WhiteElo "2221"]
[BlackElo "2210"]
[PlyCount "95"]
[EventDate "2016.12.16"]
[EventType "swiss"]
[EventRounds "5"]
[EventCountry "CAN"]

1. e4 e6 2. d4 d5 3. Nc3 Bb4 4. e5 c5 5. a3 Bxc3+ 6. bxc3 Qa5 7. Bd2 Qa4 8.
dxc5 Nc6 9. Nf3 Qe4+ 10. Be3 Nxe5 11. Nxe5 Qxe5 12. Bb5+ Kf8 13. O-O Qxc3 14.
c6 Ne7 15. Bd4 Qa5 16. Qg4 Nf5 17. Bc5+ Kg8 18. a4 h5 19. Qf4 a6 20. cxb7 Bxb7
21. Bb4 Qb6 22. Bd3 d4 23. Ra3 Qc6 24. f3 Ne3 25. Qxd4 Nxf1 26. Bc3 e5 27. Qxe5
f6 28. Qd4 Rc8 29. Rb3 Qd5 30. Kxf1 Qxd4 31. Bxd4 Bd5 32. Rb4 a5 33. Rb5 Bc4
34. Rxa5 Bxd3+ 35. cxd3 Rd8 36. Bc3 Rxd3 37. Rc5 Kf7 38. a5 Rd6 39. Kf2 Kg6 40.
h4 Re8 41. g4 hxg4 42. fxg4 Re4 43. h5+ Kh6 44. Kf3 Ra4 45. Bb2 Rd3+ 46. Ke2
Rh3 47. Bc1+ Kh7 48. Kf2 0-1

[Event "Hart House Holidays op"]
[Site "Toronto CAN"]
[Date "2016.12.17"]
[Round "3"]
[White "Calvelo, Jelvis"]
[Black "Zhang, Henry"]
[Result "1-0"]
[WhiteElo "2206"]
[BlackElo "2146"]
[PlyCount "119"]
[EventDate "2016.12.16"]
[EventType "swiss"]
[EventRounds "5"]
[EventCountry "CAN"]

1. c4 e5 2. Nc3 Nc6 3. g3 f5 4. Bg2 Nf6 5. e3 d5 6. cxd5 Nb4 7. d3 Nbxd5 8.
Nxd5 Nxd5 9. Nf3 Bd6 10. O-O c6 11. e4 Nf6 12. Qb3 Qe7 13. Bg5 fxe4 14. dxe4 a5
15. Rad1 a4 16. Qc3 O-O 17. Nh4 Bb4 18. Qe3 Be6 19. a3 Bc5 20. Qc3 Bd4 21. Rxd4
exd4 22. Qxd4 Qd8 23. Qb4 Qa5 24. Bd2 Qxb4 25. Bxb4 Rfd8 26. f4 Bc4 27. Re1 b6
28. Nf5 c5 29. Bc3 Be6 30. Ne7+ Kf8 31. Nc6 Rdc8 32. Ne5 Bb3 33. g4 Rd8 34. Bf3
Nd7 35. Nc6 Re8 36. e5 Rac8 37. f5 Nb8 38. Na7 Rcd8 39. e6 Bd5 40. Bd1 Bb3 41.
Be2 Re7 42. Nb5 Nc6 43. g5 Bc2 44. Bg4 Rd5 45. Bf3 Rxf5 46. Bxc6 Rxg5+ 47. Kf2
Rf5+ 48. Kg3 Bb3 49. Bf3 Bd5 50. Re3 Rg5+ 51. Kf4 Rg6 52. Nc7 Bb3 53. Ke5 Rg5+
54. Kd6 Rf5 55. Be4 Rf1 56. Nd5 Bxd5 57. Kxd5 Rd1+ 58. Kc6 b5 59. Rf3+ Kg8 60.
Be5 1-0

[Event "Hart House Holidays op"]
[Site "Toronto CAN"]
[Date "2016.12.17"]
[Round "3"]
[White "Findlay, Ian"]
[Black "Yu, Wenlu"]
[Result "1-0"]
[WhiteElo "2304"]
[BlackElo "2150"]
[PlyCount "109"]
[EventDate "2016.12.16"]
[EventType "swiss"]
[EventRounds "5"]
[EventCountry "CAN"]

1. e4 c5 2. Nf3 e6 3. d4 cxd4 4. Nxd4 Nf6 5. Nc3 Nc6 6. Ndb5 d6 7. Bf4 e5 8.
Bg5 a6 9. Na3 b5 10. Nd5 Be6 11. c3 Be7 12. Bxf6 Bxf6 13. Nc2 Bg5 14. a4 Rb8
15. Ndb4 Nxb4 16. Nxb4 O-O 17. axb5 f5 18. Rxa6 Qf6 19. Be2 fxe4 20. O-O Qh6
21. Rxd6 Bf4 22. g3 Qh3 23. Rxe6 Qxe6 24. gxf4 Rbd8 25. f5 Qxf5 26. Nd5 Kh8 27.
c4 Rd6 28. Kh1 Qh3 29. Bg4 Qh4 30. c5 Rg6 31. Ne3 Rh6 32. h3 Rhf6 33. Nf5 Qg5
34. Qc1 Qg6 35. c6 h5 36. Nh4 Qe8 37. Bd7 Qf7 38. Qg5 e3 39. Qxe3 Qc4 40. Rg1
Qd5+ 41. Rg2 Kg8 42. Qg5 R8f7 43. Nf5 Kh8 44. Qxh5+ Kg8 45. Nh6+ Rxh6 46. Qxh6
e4 47. Be6 Qd1+ 48. Kh2 Qd6+ 49. Rg3 Kf8 50. Qh8+ Ke7 51. Bxf7 e3 52. Qe8+ Kf6
53. Qe6+ Qxe6 54. Bxe6 e2 55. Re3 1-0

[Event "Hart House Holidays op"]
[Site "Toronto CAN"]
[Date "2016.12.17"]
[Round "3"]
[White "Plotkin, Victor"]
[Black "Chen, Richard"]
[Result "1/2-1/2"]
[WhiteElo "2405"]
[BlackElo "2287"]
[PlyCount "100"]
[EventDate "2016.12.16"]
[EventType "swiss"]
[EventRounds "5"]
[EventCountry "CAN"]

1. d4 d5 2. Nf3 Nf6 3. c4 e6 4. cxd5 exd5 5. Nc3 c6 6. Bg5 h6 7. Bh4 Bf5 8. Qb3
Nbd7 9. e3 Qb6 10. Be2 Bd6 11. O-O O-O 12. Bg3 Bxg3 13. hxg3 Rfe8 14. Qxb6 axb6
15. Rfc1 Ne4 16. Nxe4 Bxe4 17. a3 Ra7 18. Nd2 Bg6 19. Rc3 b5 20. Re1 Nb6 21.
Bd1 Na4 22. Rb3 Nb6 23. f3 Ra4 24. Kf2 Nc4 25. Nxc4 Rxc4 26. Re2 Ra8 27. Rd2
Raa4 28. Rc3 Rxc3 29. Bxa4 Rd3 30. Rxd3 Bxd3 31. Bd1 Kf8 32. Be2 Bc2 33. Ke1
Ke7 34. Kd2 Bf5 35. g4 Be6 36. Bd3 g6 37. Kc3 Kd6 38. Kd2 Bd7 39. Ke2 b6 40.
Kf2 c5 41. Ke1 Kc6 42. Kd2 Kd6 43. Kc3 g5 44. e4 dxe4 45. Bxe4 f6 46. b3 Be8
47. dxc5+ Kxc5 48. b4+ Kd6 49. Kd4 Bd7 50. Bd3 Be8 1/2-1/2

[Event "Hart House Holidays op"]
[Site "Toronto CAN"]
[Date "2016.12.17"]
[Round "3"]
[White "Zotkin, Daniel"]
[Black "Moffat, Andrei"]
[Result "1-0"]
[WhiteElo "2226"]
[BlackElo "2125"]
[PlyCount "74"]
[EventDate "2016.12.16"]
[EventType "swiss"]
[EventRounds "5"]
[EventCountry "CAN"]

1. e4 c5 2. Nf3 Nc6 3. Bb5 e6 4. Bxc6 bxc6 5. O-O Ne7 6. c3 Ng6 7. d4 d5 8. Qe2
Be7 9. dxc5 Bxc5 10. Be3 Bd6 11. exd5 cxd5 12. Rd1 O-O 13. Nbd2 e5 14. Nb3 Bb7
15. Qb5 Rb8 16. Bxa7 Qe7 17. Bxb8 Rxb8 18. Na5 Ba8 19. Qa6 Qd7 20. Nc4 Bc7 21.
Qa7 Qc8 22. Ne3 Nf4 23. Qc5 Qd7 24. c4 Ne6 25. Qa3 d4 26. Nd5 Bd6 27. Qa5 Bc6
28. Qd2 Bxd5 29. cxd5 Nf4 30. a3 Qg4 31. Ne1 e4 32. f3 Qh5 33. g3 e3 34. Qc2
Nxd5 35. Rxd4 e2 36. Qc6 Bxg3 37. hxg3 Qe5 1-0

[Event "Hart House Holidays op"]
[Site "Toronto CAN"]
[Date "2016.12.18"]
[Round "4"]
[White "Agbabishvili, Lali"]
[Black "Findlay, Ian"]
[Result "1-0"]
[WhiteElo "2241"]
[BlackElo "2304"]
[PlyCount "81"]
[EventDate "2016.12.16"]
[EventType "swiss"]
[EventRounds "5"]
[EventCountry "CAN"]

1. d4 Nf6 2. Nf3 c5 3. g3 cxd4 4. Nxd4 d5 5. Bg2 e5 6. Nb3 Nc6 7. O-O Be7 8. c3
O-O 9. Bg5 Be6 10. N1d2 Qd7 11. Bxf6 gxf6 12. e4 f5 13. exd5 Bxd5 14. Nc4 e4
15. Ne3 Rad8 16. Bh3 Be6 17. Qxd7 Rxd7 18. Bxf5 Bxf5 19. Nxf5 Rd5 20. Nxe7+
Nxe7 21. Rfe1 f5 22. f3 Nc6 23. fxe4 fxe4 24. Rxe4 Ne5 25. Rf1 Nf3+ 26. Kg2
Rdf5 27. Rg4+ Kh8 28. Rf4 Rxf4 29. gxf4 Nh4+ 30. Kg3 Nf5+ 31. Kf3 Kg7 32. Rd1
Rf7 33. Rd5 Kg6 34. Nd4 Nxd4+ 35. Rxd4 Kf6 36. c4 b6 37. b3 Re7 38. Rd5 Re1 39.
Rd7 a5 40. Rxh7 Rd1 41. Rh6+ 1-0

[Event "Hart House Holidays op"]
[Site "Toronto CAN"]
[Date "2016.12.18"]
[Round "4"]
[White "Dougherty, Michael"]
[Black "Plotkin, Victor"]
[Result "0-1"]
[WhiteElo "2269"]
[BlackElo "2405"]
[PlyCount "46"]
[EventDate "2016.12.16"]
[EventType "swiss"]
[EventRounds "5"]
[EventCountry "CAN"]

1. e4 e5 2. d4 exd4 3. Nf3 Nf6 4. Bc4 Nc6 5. O-O d6 6. Nxd4 Be7 7. Nc3 O-O 8.
Nxc6 bxc6 9. h3 Be6 10. Bxe6 fxe6 11. Qe2 Qd7 12. b3 e5 13. f4 exf4 14. Bxf4
Qe6 15. e5 dxe5 16. Rae1 Nd7 17. Na4 Bd6 18. Be3 e4 19. Rxf8+ Rxf8 20. Bd4 c5
21. Bb2 Qf5 22. Qe3 Nb6 23. Nc3 Qe5 0-1

[Event "Hart House Holidays op"]
[Site "Toronto CAN"]
[Date "2016.12.18"]
[Round "4"]
[White "Yu, Wenlu"]
[Black "Bluvshtein, Ilia"]
[Result "0-1"]
[WhiteElo "2150"]
[BlackElo "2221"]
[PlyCount "64"]
[EventDate "2016.12.16"]
[EventType "swiss"]
[EventRounds "5"]
[EventCountry "CAN"]

1. Nf3 Nf6 2. b3 g6 3. Bb2 Bg7 4. g3 O-O 5. Bg2 c5 6. O-O Nc6 7. c4 d6 8. Re1
e5 9. d3 Bf5 10. Nc3 Qd7 11. a3 Bh3 12. Bh1 h6 13. e3 Rac8 14. Qc2 Nh5 15. Nd5
f5 16. b4 b6 17. b5 Ne7 18. Nh4 Kh7 19. a4 g5 20. Nf3 Nxd5 21. cxd5 f4 22. Nd2
Rc7 23. d4+ Bf5 24. Be4 fxe3 25. fxe3 Bxe4 26. Nxe4 Kh8 27. Rf1 Rxf1+ 28. Rxf1
exd4 29. exd4 Qg4 30. Nxd6 Bxd4+ 31. Kh1 Nxg3+ 32. hxg3 Qh3+ 0-1

[Event "Hart House Holidays op"]
[Site "Toronto CAN"]
[Date "2016.12.18"]
[Round "5"]
[White "Bellissimo, Joseph"]
[Black "Cai, Jason"]
[Result "1-0"]
[WhiteElo "2252"]
[BlackElo "2210"]
[PlyCount "47"]
[EventDate "2016.12.16"]
[EventType "swiss"]
[EventRounds "5"]
[EventCountry "CAN"]

1. e4 e6 2. d4 d5 3. Nd2 c5 4. exd5 exd5 5. Ngf3 Nf6 6. dxc5 Bxc5 7. Nb3 Be7 8.
Bd3 Bg4 9. h3 Bh5 10. Nbd4 O-O 11. O-O Re8 12. Re1 Nc6 13. Nf5 Bc5 14. Be3 Bxe3
15. Nxe3 Rc8 16. c3 Bg6 17. Bxg6 hxg6 18. Qd2 Qb6 19. Nxd5 Nxd5 20. Qxd5 Qxb2
21. Ng5 Ne5 22. Rad1 Qxc3 23. f4 Rc5 24. Qxf7+ 1-0

[Event "Hart House Holidays op"]
[Site "Toronto CAN"]
[Date "2016.12.18"]
[Round "5"]
[White "Bluvshtein, Ilia"]
[Black "Dougherty, Michael"]
[Result "1-0"]
[WhiteElo "2221"]
[BlackElo "2269"]
[PlyCount "75"]
[EventDate "2016.12.16"]
[EventType "swiss"]
[EventRounds "5"]
[EventCountry "CAN"]

1. e4 c5 2. Nf3 d6 3. d4 cxd4 4. Nxd4 Nf6 5. Nc3 Nc6 6. Bg5 Bd7 7. Qd2 Rc8 8.
O-O-O Nxd4 9. Qxd4 Qa5 10. Be3 a6 11. f3 e5 12. Qa7 Qc7 13. g4 Be6 14. Qb6 Qxb6
15. Bxb6 Be7 16. h4 O-O 17. Be2 Rc6 18. Be3 Rfc8 19. g5 Rxc3 20. bxc3 Nh5 21.
Kb2 Ng3 22. Rh2 Nxe2 23. Rxe2 f5 24. gxf6 gxf6 25. Rg2+ Kf7 26. Rdg1 Bf8 27.
Rg8 d5 28. Kb1 dxe4 29. fxe4 h5 30. Rh8 Bg4 31. Rh7+ Kg6 32. Rxb7 Rxc3 33. Bd2
Rc4 34. Rf1 Rd4 35. Rb6 Be7 36. Bg5 Rxe4 37. Bxf6 Be2 38. Bxe5+ 1-0

[Event "Hart House Holidays op"]
[Site "Toronto CAN"]
[Date "2016.12.18"]
[Round "5"]
[White "Calvelo, Jelvis"]
[Black "Hua, Eugene"]
[Result "1-0"]
[WhiteElo "2206"]
[BlackElo "2274"]
[PlyCount "85"]
[EventDate "2016.12.16"]
[EventType "swiss"]
[EventRounds "5"]
[EventCountry "CAN"]

1. b3 c5 2. Bb2 Nc6 3. Nf3 d6 4. g3 e5 5. Nc3 g6 6. Bg2 Bg7 7. e4 Nge7 8. O-O
O-O 9. h3 h6 10. Ne2 Be6 11. c3 d5 12. d3 f5 13. Nd2 f4 14. Qc2 h5 15. Rad1 g5
16. Nf3 Ng6 17. exd5 Bxd5 18. d4 e4 19. dxc5 exf3 20. Bxf3 Bxf3 21. Rxd8 Nxd8
22. Qxg6 Bxe2 23. c4 Rf7 24. Bxg7 Rxg7 25. Qe8+ Kh7 26. Qxe2 Nc6 27. Qxh5+ Kg8
28. Re1 fxg3 29. Re8+ Rxe8 30. Qxe8+ Kh7 31. fxg3 Ne7 32. b4 Ng6 33. Qe2 Kh6
34. a4 Re7 35. Qf3 Kg7 36. b5 Rc7 37. Qd5 Kh6 38. Qd6 Re7 39. c6 bxc6 40. bxc6
Re1+ 41. Kf2 Rc1 42. Qc5 Rc2+ 43. Ke1 1-0

[Event "Hart House Reading Week U1600"]
[Site "Toronto CAN"]
[Date "2016.02.19"]
[Round "1"]
[White "Pishdad, Hassan"]
[Black "Shafkat, Ali"]
[Result "0-1"]
[WhiteElo "1169"]
[BlackElo "1455"]
[PlyCount "61"]
[EventDate "2016.02.19"]
[EventType "swiss"]
[EventRounds "5"]
[EventCountry "CAN"]

1. d4 d5 2. c4 c6 3. cxd5 cxd5 4. Nf3 Nf6 5. Nc3 Nc6 6. e3 Bg4 7. Be2 e6 8. a3
a6 9. h3 Bh5 10. O-O Bd6 11. Ne1 Bg6 12. f4 Be4 13. Bd3 b5 14. b4 Rc8 15. Bb2
h6 16. Nxe4 dxe4 17. Bc2 Bb8 18. Kh2 Nd5 19. Qd2 f5 20. g3 g5 21. Ng2 Rg8 22.
Bd1 gxf4 23. Bh5+ Kd7 24. Nxf4 Qg5 25. g4 Qh4 26. Rg1 Rg7 27. Raf1 Rcg8 28. Qe1
Qf6 29. Bc1 Bxf4+ 30. exf4 Nxd4 31. Qc3 0-1